| 000 | 00947nam a22002537a 4500 | ||
|---|---|---|---|
| 005 | 20100816134759.0 | ||
| 008 | 090601t xxu||||| |||| 00| 0 Ur d | ||
| 010 | _aUR-7745 | ||
| 020 | _c150.00 | ||
| 035 | _aU-6300 | ||
| 040 |
_adpl _bUrdu |
||
| 082 | _a841 | ||
| 100 |
_913525 _aظہیرناصری |
||
| 245 |
_aحرفستان / _cظہیرناصری |
||
| 246 |
_aHarfistan / _bby Zaheer Nasiri |
||
| 260 |
_aظہیرناصری _c2005 |
||
| 270 | _aZaheer Nasiri | ||
| 300 |
_a125 ص _b22 س م (Pbk) |
||
| 700 | _913766 | ||
| 710 |
_aساحل احمد _913526 |
||
| 942 |
_2ddc _cUR _h841 _mظ ہ ی |
||
| 999 |
_c42131 _d42131 |
||